000 00539nam a2200193Ia 4500
005 20250508161548.0
008 008 250505s9999 xx 000 0 hin d
037 _aTextual
040 _aFEDL
_beng
_cFEDL
041 _ahin
_2eng
084 _a300.7, BAJ
_qFEDL
100 _aBajal Balkrishna Das
_9770891
245 0 _aHum aure samaj, Bhag 2
260 _aDelhi, India
_bPrakash Prakashan
300 _a129p
650 _aSocial Science - Teaching
_9756799
942 _cTEXL
_h300.7, BAJ
999 _c1370799
_d1370799